| 000 | 00322nam a22001217a 4500 | ||
|---|---|---|---|
| 082 | _a220 PRO | ||
| 100 |
_aAHMED,JAWAD,YUSRA _972162 |
||
| 245 | _aPR-SOF-1124-VEHICLE DYNAMICS TESTING HANDLING | ||
| 260 |
_aISLAMABAD _bNUST COLLEGE OF EME _c2011 |
||
| 650 | _a DE-MECH-29 | ||
| 700 |
_aRAJA AMER AZIM _970284 |
||
| 942 | _cCR | ||
| 999 |
_c578322 _d578322 |
||